| 000 | 00382nam a22001217a 4500 | ||
|---|---|---|---|
| 082 | _a200 THE | ||
| 100 |
_aZUBAIR YAMEEN _970344 |
||
| 245 | _aTH-SOF-1705-Transient Stability control of SEIG Wind powered Microgrid during Island | ||
| 260 |
_aISLAMABAD _bNUST COLLEGE OF EME _c2019 |
||
| 650 | _aMS-ELECT-2016 MSTHESIS | ||
| 700 |
_aSupervisor DR. AZHAR UL HAQ _970345 |
||
| 942 | _cCF | ||
| 999 |
_c577334 _d577334 |
||